New Zealand Rugby All Blacks - Most Draws - Statistics

General Stats
  • This quiz has been taken 30 times
    7 since last reset
  • The average score is 9 of 19
Answer Stats
Draws Decades Played In Player % Correct
4 2010s Aaron Smith
100%
3 2010s Ben Smith
100%
4 2010s Kieran Read
100%
4 2010s Sam Whitelock
100%
3 70s Bryan Williams
83%
4 2010s Owen Franks
83%
3 50s,60s Don Clarke
67%
4 2010s Brodie Retallick
50%
4 50s,60s,70s Colin Meads
50%
3 80s, 90s John Kirwan
50%
3 60s, 70s Ian Kirkpatrick
33%
3 50s, 60s Kel Tremain
33%
3 50s, 60s Wilson Whineray
33%
3 2010s Aaron Cruden
17%
3 2010s Joe Moody
17%
3 50s, 60s John Graham
17%
3 60s Dennis Young
0%
3 70s Peter Whiting
0%
3 70s Tane Norton
0%
No matching quizzes found
Score Distribution
Percent of People with Each Score
Percentile by Number Answered
Your Score History
You have not taken this quiz since the last reset